| 000 | 00774cam a2200265 4500 | ||
|---|---|---|---|
| 001 | J1759 | ||
| 008 | 090401t1993 xxu||||| |||| 00| 0 eng d | ||
| 035 | _a(Sirsi) u45373 | ||
| 041 | _aeng | ||
| 110 |
_aEurope _bEuropean Communities Commission _9698 |
||
| 245 | _aCommunication from the Commission to the Council and Parliament: green paper on remedying environmental damage (version provisoire). | ||
| 260 | _c1993 | ||
| 300 | _a28,8p. ; 30cm. | ||
| 350 | _a0 | ||
| 490 |
_aCOM _v(93) 47 |
||
| 650 | _aCOMPENSATION | ||
| 650 | _aENVIRONMENTAL DAMAGE | ||
| 650 | _aFAULT-BASED LIABILITY | ||
| 650 | _aGREEN PAPERS | ||
| 650 | _aLIABILITY | ||
| 650 | _aSTRICT LIABILITY | ||
| 690 | _aENVIRONMENTAL AND LAND CONSULTANCY | ||
| 942 | _n0 | ||
| 948 | _c04/03/1997 | ||
| 999 |
_c91703 _d91703 |
||